[Event "2. Bundesliga Mitte 2009/2010"]
[Site "Villach"]
[Date "2009.11.21"]
[Round "3"]
[Board "1"]
[White "Bosiocic, Marin"]
[Black "Skoberne, Jure"]
[Result "1-0"]
[WhiteElo "2577"]
[BlackElo "2509"]
[PlyCount "99"]
[EventDate "2009.10.10"]
[EventType "team"]
[EventRounds "11"]
[EventCountry "AUT"]
[WhiteTeam "SV Signum Siebdruck St. Veit/Glan"]
[BlackTeam "ESV Austria Graz"]

1.d4 d5 2.c4 c6 3.Nc3 Nf6 4.e3 e6 5.Nf3 Nbd7 6.Qc2 Bd6 7.b3 O-O 8.Be2 Qe7 9.O-O
b6 10.Bb2 Bb7 11.Rac1 Rac8 12.Rfd1 Rfd8 13.g3 c5 14.cxd5 exd5 15.Bf1 a6 16.a4
Ne4 17.Bg2 cxd4 18.Rxd4 Ndf6 19.Qe2 Bc5 20.Rd3 Ng4 21.Rf1 Nxc3 22.Bxc3 d4
23.Bxd4 Be4 24.Rdd1 a5 25.Ba1 Bd5 26.Nh4 Nxe3 27.fxe3 Qxe3+ 28.Qxe3 Bxe3+ 29.Kh1
Bxb3 30.Rxd8+ Rxd8 31.Nf5 Bc5 32.Bc6 Rc8 33.Re1 g6 34.Nd4 Bc4 35.Re8+ Rxe8
36.Bxe8 Kf8 37.Bb5 Bd5+ 38.Kg1 Ke7 39.Kf2 f5 40.Ke2 h6 41.Nf3 g5 42.Nd4 f4
43.Nf5+ Ke6 44.Nxh6 Bg2 45.Bc4+ Kd7 46.gxf4 gxf4 47.Ng4 f3+ 48.Ke1 Bg1 49.Be5
Kc6 50.Nf2

[Event "2. Bundesliga Mitte 2009/2010"]
[Site "Villach"]
[Date "2009.11.21"]
[Round "3"]
[Board "2"]
[White "Kotz, Heinz Peter"]
[Black "Rogic, Davor"]
[Result "0-1"]
[WhiteElo "2332"]
[BlackElo "2559"]
[PlyCount "96"]
[EventDate "2009.10.10"]
[EventType "team"]
[EventRounds "11"]
[EventCountry "AUT"]
[WhiteTeam "ESV Austria Graz"]
[BlackTeam "SV Signum Siebdruck St. Veit/Glan"]

1.e4 e5 2.Nf3 Nc6 3.Bb5 Nf6 4.O-O Nxe4 5.d4 Nd6 6.Bxc6 dxc6 7.dxe5 Nf5 8.Qxd8+
Kxd8 9.Nc3 Be7 10.h3 Nh4 11.Nd4 h6 12.Rd1 Ke8 13.Bf4 Nf5 14.Nce2 Bd8 15.Rd2 Nxd4
16.Nxd4 Bg5 17.Bxg5 hxg5 18.Re1 Rh6 19.Re3 Rg6 20.g4 Be6 21.Nxe6 Rxe6 22.Kg2 Rd8
23.Rxd8+ Kxd8 24.Kg3 Ke7 25.f4 gxf4+ 26.Kxf4 Rh6 27.Kf5 c5 28.Rb3 b6 29.Re3 b5
30.Ra3 a6 31.Re3 c4 32.a4 Rh8 33.axb5 axb5 34.e6 g6+ 35.Kg5 Rd8 36.exf7+ Kxf7
37.Kh6 Rd2 38.Rf3+ Ke6 39.Rc3 Kd5 40.Kxg6 b4 41.Rg3 Rxc2 42.Kf7 Rxb2 43.g5 Ra2
44.g6 c5 45.Rg5+ Kd6 46.g7 Ra7+ 47.Kf6 Rxg7 48.Rxg7 c3

[Event "2. Bundesliga Mitte 2009/2010"]
[Site "Villach"]
[Date "2009.11.21"]
[Round "3"]
[Board "3"]
[White "Neubauer, Martin"]
[Black "Ebner, Hubert"]
[Result "1-0"]
[WhiteElo "2465"]
[BlackElo "2194"]
[PlyCount "109"]
[EventDate "2009.10.10"]
[EventType "team"]
[EventRounds "11"]
[EventCountry "AUT"]
[WhiteTeam "SV Signum Siebdruck St. Veit/Glan"]
[BlackTeam "ESV Austria Graz"]

1.d4 Nf6 2.Nf3 g6 3.c4 Bg7 4.Nc3 O-O 5.e4 d6 6.Be2 e5 7.O-O Na6 8.Re1 c6 9.Be3
Ng4 10.Bg5 f6 11.Bh4 Kh8 12.Rb1 Nh6 13.dxe5 dxe5 14.b4 Bg4 15.c5 Nc7 16.Nd2 Bxe2
17.Rxe2 Ne6 18.Nc4 Nd4 19.Rd2 Nf7 20.Ne2 Nxe2+ 21.Qxe2 Qe7 22.Rbd1 Rad8 23.f3
Rxd2 24.Rxd2 Rd8 25.Qd1 Kg8 26.Bf2 Bf8 27.Be3 Rxd2 28.Qxd2 Qd8 29.Kf2 Be7 30.Ke2
Kf8 31.a4 Qxd2+ 32.Kxd2 Bd8 33.Kd3 Ke8 34.b5 Kd7 35.Bd2 Be7 36.Na5 cxb5 37.axb5
Bxc5 38.Nxb7 Bb6 39.Bb4 Kc7 40.Nc5 Kc8 41.Ne6 Bg1 42.h3 Kb7 43.Nf8 Kb6 44.Kc4 f5
45.Nxh7 fxe4 46.fxe4 Bf2 47.Be7 Ka5 48.Nf8 g5 49.Ne6 Be3 50.Nd8 Nxd8 51.Bxd8+
Ka4 52.Bf6 Bf4 53.Be7 Be3 54.Bc5 Bd4 55.g3

[Event "2. Bundesliga Mitte 2009/2010"]
[Site "Villach"]
[Date "2009.11.21"]
[Round "3"]
[Board "4"]
[White "Zechner, Gernot"]
[Black "Jurkovic, Hrvoje"]
[Result "0-1"]
[WhiteElo "2207"]
[BlackElo "2423"]
[PlyCount "62"]
[EventDate "2009.10.10"]
[EventType "team"]
[EventRounds "11"]
[EventCountry "AUT"]
[WhiteTeam "ESV Austria Graz"]
[BlackTeam "SV Signum Siebdruck St. Veit/Glan"]

1.d4 Nf6 2.c4 d6 3.Nc3 Nbd7 4.e4 e5 5.Nf3 c6 6.Be2 Be7 7.O-O Qc7 8.Be3 Nf8 9.b4
Ng6 10.d5 O-O 11.Ne1 Bd7 12.Nd3 cxd5 13.Nxd5 Nxd5 14.cxd5 f5 15.Rc1 Qd8 16.exf5
Bxf5 17.Bg4 Qd7 18.Bxf5 Qxf5 19.Rc7 Bg5 20.Bxg5 Qxg5 21.Qc2 Qf5 22.Qc3 Rac8
23.Rxc8 Rxc8 24.Qb3 e4 25.Nb2 Nf4 26.Nc4 Rxc4 27.Qxc4 Qg4 28.g3 Ne2+ 29.Kg2 Qf3+
30.Kh3 Nf4+ 31.Kh4 Qh5#

[Event "2. Bundesliga Mitte 2009/2010"]
[Site "Villach"]
[Date "2009.11.21"]
[Round "3"]
[Board "5"]
[White "Kaspret, Guido"]
[Black "Pfaffel, Thomas"]
[Result "1-0"]
[WhiteElo "2310"]
[BlackElo "2158"]
[PlyCount "49"]
[EventDate "2009.10.10"]
[EventType "team"]
[EventRounds "11"]
[EventCountry "AUT"]
[WhiteTeam "SV Signum Siebdruck St. Veit/Glan"]
[BlackTeam "ESV Austria Graz"]

1.c4 Nf6 2.Nf3 e6 3.g3 b6 4.Bg2 Bb7 5.O-O Be7 6.d4 O-O 7.d5 exd5 8.Nh4 c6 9.cxd5
Nxd5 10.Nf5 d6 11.e4 Nc7 12.Bf4 d5 13.Qg4 Ne6 14.exd5 cxd5 15.Nc3 Bf6 16.Bd6
Bxc3 17.bxc3 Qg5 18.Qxg5 Nxg5 19.Bxf8 Kxf8 20.Rfd1 Nd7 21.Nd6 Bc6 22.h4 Ne6
23.c4 Ba4 24.Rxd5 Nf6 25.Ra5

[Event "2. Bundesliga Mitte 2009/2010"]
[Site "Villach"]
[Date "2009.11.21"]
[Round "3"]
[Board "6"]
[White "Aschenbrenner, Robert"]
[Black "Hebesberger, Thomas"]
[Result "0-1"]
[WhiteElo "2262"]
[BlackElo "2330"]
[PlyCount "48"]
[EventDate "2009.10.10"]
[EventType "team"]
[EventRounds "11"]
[EventCountry "AUT"]
[WhiteTeam "ESV Austria Graz"]
[BlackTeam "SV Signum Siebdruck St. Veit/Glan"]

1.e4 c5 2.Nc3 Nc6 3.Bb5 Nd4 4.Bc4 g6 5.Nf3 Bg7 6.Nxd4 cxd4 7.Qf3 e6 8.Nb5 d6
9.Qa3 Ke7 10.c3 dxc3 11.dxc3 a6 12.Bg5+ f6 13.e5 axb5 14.exd6+ Kf7 15.Qxa8 bxc4
16.Be3 Nh6 17.O-O-O Qd7 18.Bb6 Qc6 19.Qa5 Bd7 20.f3 Nf5 21.Qb4 Ra8 22.Kb1 Ra6
23.Bc7 Ne3 24.Rd4 b5

[Event "2. Bundesliga Mitte 2009/2010"]
[Site "Villach"]
[Date "2009.11.21"]
[Round "3"]
[Board "1"]
[White "Parligras, Mircea"]
[Black "Reichmann, Egon"]
[Result "1-0"]
[WhiteElo "2551"]
[BlackElo "2331"]
[PlyCount "87"]
[EventDate "2009.10.10"]
[EventType "team"]
[EventRounds "11"]
[EventCountry "AUT"]
[WhiteTeam "Strassenbahn Graz"]
[BlackTeam "Admira Villach"]

1.e4 e5 2.Nf3 Nc6 3.Bb5 a6 4.Ba4 Nf6 5.O-O Be7 6.Re1 b5 7.Bb3 d6 8.c3 O-O 9.h3
Nb8 10.d4 Nbd7 11.Nbd2 Bb7 12.a4 c5 13.Bc2 Re8 14.d5 c4 15.b3 cxb3 16.Bxb3 Qc7
17.Bb2 Nc5 18.Bc2 bxa4 19.Re3 Nfd7 20.Bxa4 Nxa4 21.Qxa4 a5 22.c4 Nc5 23.Qc2 Reb8
24.Nb3 Bc8 25.Nxc5 Qxc5 26.Ba3 Qc7 27.Rc3 f6 28.Ne1 Bd7 29.Nd3 Rc8 30.Rc1 a4
31.c5 dxc5 32.Bxc5 Bxc5 33.Nxc5 a3 34.Qa2 Qa5 35.d6+ Kh8 36.R3c2 Qa7 37.Kh2 h6
38.Rc3 Be8 39.Ne6 Rxc3 40.Rxc3 Qd7 41.Qd5 Ra6 42.Nc5 Qc6 43.Qxc6 Rxc6 44.Rxa3

[Event "2. Bundesliga Mitte 2009/2010"]
[Site "Villach"]
[Date "2009.11.21"]
[Round "3"]
[Board "2"]
[White "Perhinig, Robert"]
[Black "Mohr, Georg"]
[Result "0-1"]
[WhiteElo "2287"]
[BlackElo "2503"]
[PlyCount "68"]
[EventDate "2009.10.10"]
[EventType "team"]
[EventRounds "11"]
[EventCountry "AUT"]
[WhiteTeam "Admira Villach"]
[BlackTeam "Strassenbahn Graz"]

1.d4 d6 2.e4 Nf6 3.f3 c5 4.Bb5+ Bd7 5.Bxd7+ Nbxd7 6.d5 g6 7.Ne2 Bg7 8.O-O O-O
9.c4 Nb6 10.Nd2 e6 11.Nc3 Nh5 12.g3 Qd7 13.Qe2 Rae8 14.Nb3 f5 15.Bg5 exd5
16.Nxd5 Nxd5 17.cxd5 Qa4 18.Rfe1 fxe4 19.fxe4 Re5 20.Qd2 Rxe4 21.Rxe4 Qxe4
22.Re1 Qg4 23.Be7 Rc8 24.Qe2 Bd4+ 25.Kh1 Qxe2 26.Rxe2 Re8 27.Nc1 Bxb2 28.Bxd6
Rxe2 29.Nxe2 c4 30.Bb4 Kf7 31.Kg2 Nf6 32.Bc3 Bxc3 33.Nxc3 Ke7 34.Kf3 Kd6

[Event "2. Bundesliga Mitte 2009/2010"]
[Site "Villach"]
[Date "2009.11.21"]
[Round "3"]
[Board "3"]
[White "Grunberg, Mihai-Lucian"]
[Black "Frank, Paul"]
[Result "1/2-1/2"]
[WhiteElo "2401"]
[BlackElo "2287"]
[PlyCount "170"]
[EventDate "2009.10.10"]
[EventType "team"]
[EventRounds "11"]
[EventCountry "AUT"]
[WhiteTeam "Strassenbahn Graz"]
[BlackTeam "Admira Villach"]

1.Nf3 Nf6 2.c4 g6 3.Nc3 d5 4.cxd5 Nxd5 5.Qa4+ Bd7 6.Qh4 Nxc3 7.dxc3 Nc6 8.e4 e5
9.Qg3 Qe7 10.h4 Bg7 11.h5 O-O-O 12.h6 Bf6 13.Be3 Kb8 14.Be2 Rhe8 15.O-O Bh8
16.b4 b6 17.Rfd1 f5 18.Bg5 Bf6 19.Bxf6 Qxf6 20.Qg5 Qf8 21.b5 Na5 22.exf5 gxf5
23.Rd5 e4 24.Nd4 Bc8 25.Rxd8 Rxd8 26.f3 Rd6 27.Qg7 Qxg7 28.hxg7 Rg6 29.fxe4 fxe4
30.Rf1 Rxg7 31.Rf8 Kb7 32.Nc6 Rg5 33.Re8 h5 34.Nd8+ Kb8 35.Rxe4 Rg8 36.Nc6+ Nxc6
37.bxc6 Bg4 38.Bc4 Rf8 39.Kh2 a5 40.Kg3 Ka7 41.Re7 Kb8 42.Bd5 Rf6 43.c4 a4
44.Re3 Rd6 45.Kf4 Rf6+ 46.Ke5 Rf2 47.Ra3 Bd1 48.Rd3 Bg4 49.Ra3 Bd1 50.Kd4 Ka7
51.Ke3 Rb2 52.Bf3 Bxf3 53.Rxa4+ Kb8 54.Kxf3 Rc2 55.Kg3 Rc3+ 56.Kh4 Rc2 57.Kh3
Rc3+ 58.g3 Rc2 59.Kh4 Rc3 60.Rb4 Ka7 61.Rb3 Rxc4+ 62.Kxh5 Rc5+ 63.Kh4 Rxc6 64.g4
Rc2 65.Ra3+ Kb7 66.g5 Rg2 67.Kh5 c5 68.g6 b5 69.Kh6 b4 70.Ra4 Kb6 71.g7 Kb5
72.Ra8 c4 73.Rb8+ Ka4 74.Ra8+ Kb5 75.Rf8 c3 76.g8=Q Rxg8 77.Rxg8 Kc4 78.Kg5 c2
79.Rc8+ Kd3 80.Kf4 Kd2 81.Rd8+ Kc3 82.Rc8+ Kb2 83.Ke3 c1=Q+ 84.Rxc1 Kxc1 85.Kd3
Kb2

[Event "2. Bundesliga Mitte 2009/2010"]
[Site "Villach"]
[Date "2009.11.21"]
[Round "3"]
[Board "4"]
[White "Neff, Gregor"]
[Black "Pesorda, Ivan"]
[Result "1/2-1/2"]
[WhiteElo "2157"]
[BlackElo "2256"]
[PlyCount "80"]
[EventDate "2009.10.10"]
[EventType "team"]
[EventRounds "11"]
[EventCountry "AUT"]
[WhiteTeam "Admira Villach"]
[BlackTeam "Strassenbahn Graz"]

1.d4 Nf6 2.c4 c5 3.d5 e6 4.Nc3 exd5 5.cxd5 d6 6.Nf3 g6 7.g3 Bg7 8.Bg2 O-O 9.O-O
Na6 10.Nd2 Nc7 11.Nc4 Nfe8 12.a4 b6 13.e4 Ba6 14.Qb3 Bxc4 15.Qxc4 a6 16.Bf4 Rb8
17.Qe2 Nf6 18.Bxd6 Qxd6 19.e5 Qd8 20.exf6 Qxf6 21.Rad1 b5 22.axb5 Nxb5 23.Nxb5
axb5 24.b3 Qd6 25.Rfe1 Rb7 26.Qd3 b4 27.Re2 Ra7 28.Bf3 Bc3 29.Kg2 Ra3 30.Qc4
Rfa8 31.h4 Ra2 32.Rc1 Rxe2 33.Qxe2 Ra3 34.Qc4 Ra2 35.Qd3 Rd2 36.Qe4 Rb2 37.Rb1
Rd2 38.Rd1 Rb2 39.Rb1 Rd2 40.Rc1 Rb2

[Event "2. Bundesliga Mitte 2009/2010"]
[Site "Villach"]
[Date "2009.11.21"]
[Round "3"]
[Board "5"]
[White "Krebs, Johann"]
[Black "Frank, Dieter"]
[Result "1-0"]
[WhiteElo "2218"]
[BlackElo "2144"]
[PlyCount "43"]
[EventDate "2009.10.10"]
[EventType "team"]
[EventRounds "11"]
[EventCountry "AUT"]
[WhiteTeam "Strassenbahn Graz"]
[BlackTeam "Admira Villach"]

1.d4 Nf6 2.Nf3 e6 3.c4 b6 4.g3 Bb7 5.Bg2 Be7 6.Nc3 O-O 7.Qc2 d5 8.cxd5 Nxd5
9.O-O Nxc3 10.bxc3 Nd7 11.Ng5 Bxg5 12.Bxb7 Rb8 13.Bc6 Bxc1 14.Raxc1 Nf6 15.e4
Qd6 16.Bb5 Nd7 17.Qa4 Rfd8 18.e5 Qe7 19.Qxa7 Ra8 20.Qxc7 Rxa2 21.Ra1 Rb2 22.Bxd7

[Event "2. Bundesliga Mitte 2009/2010"]
[Site "Villach"]
[Date "2009.11.21"]
[Round "3"]
[Board "6"]
[White "Hafner, Robert"]
[Black "Steiner, Stefan"]
[Result "1/2-1/2"]
[WhiteElo "2110"]
[BlackElo "2230"]
[PlyCount "80"]
[EventDate "2009.10.10"]
[EventType "team"]
[EventRounds "11"]
[EventCountry "AUT"]
[WhiteTeam "Admira Villach"]
[BlackTeam "Strassenbahn Graz"]

1.d4 Nf6 2.c4 Nc6 3.Nf3 e6 4.Nc3 Bb4 5.Bd2 d6 6.e3 Qe7 7.Be2 O-O 8.O-O e5 9.Nd5
Nxd5 10.cxd5 Bxd2 11.Qxd2 Nb8 12.Rac1 e4 13.Ne1 Bf5 14.g3 Rc8 15.Ng2 h6 16.Qa5
b6 17.Qa4 a5 18.Rc2 Nd7 19.Bc4 Nf6 20.Nf4 Bd7 21.Bb5 Bxb5 22.Qxb5 a4 23.Qc6 Qe8
24.Qxe8+ Nxe8 25.Rfc1 Ra5 26.Ne2 Kf8 27.Rc6 Rca8 28.Nc3 f5 29.b4 axb3 30.axb3
Ke7 31.Kg2 Kd7 32.b4 Ra1 33.Rc2 R8a7 34.Nb5 Rb7 35.R6c4 g5 36.h3 h5 37.Kh2 Kd8
38.Kg2 Kd7 39.Kh2 Kd8 40.Kg2 Kd7

[Event "2. Bundesliga Mitte 2009/2010"]
[Site "Villach"]
[Date "2009.11.21"]
[Round "3"]
[Board "1"]
[White "Diermair, Andreas"]
[Black "Galyas, Miklos"]
[Result "1/2-1/2"]
[WhiteElo "2333"]
[BlackElo "2485"]
[PlyCount "38"]
[EventDate "2009.10.10"]
[EventType "team"]
[EventRounds "11"]
[EventCountry "AUT"]
[WhiteTeam "Frauental"]
[BlackTeam "ASK St. Valentin"]

1.Nf3 d5 2.c4 d4 3.e3 Nc6 4.exd4 Nxd4 5.Nxd4 Qxd4 6.d3 g6 7.Nc3 c6 8.Be3 Qd8
9.Be2 Bg7 10.d4 Nh6 11.d5 Nf5 12.Bg5 O-O 13.O-O h6 14.Bf4 e5 15.Bd2 Re8 16.Re1
Qb6 17.Na4 Qd8 18.Nc3 Qb6 19.Na4 Qd8

[Event "2. Bundesliga Mitte 2009/2010"]
[Site "Villach"]
[Date "2009.11.21"]
[Round "3"]
[Board "2"]
[White "Hajnal, Zoltan"]
[Black "Cigan, Stefan"]
[Result "1-0"]
[WhiteElo "2404"]
[BlackElo "2371"]
[PlyCount "72"]
[EventDate "2009.10.10"]
[EventType "team"]
[EventRounds "11"]
[EventCountry "AUT"]
[WhiteTeam "ASK St. Valentin"]
[BlackTeam "Frauental"]

1.e4 c5 2.Nf3 d6 3.d4 cxd4 4.Nxd4 Nf6 5.Nc3 Nc6 6.Bg5 Qb6 7.Nb3 e6 8.Qd2 a6
9.O-O-O Bd7 10.Kb1 Rc8 11.f3 Qc7 12.h4 b5 13.Bd3 Ne5 14.Rhe1 Be7 15.Nd4 h6
16.Be3 Nc4 17.Bxc4 Qxc4 18.g4 a5 19.Nce2 e5 20.Nf5 Bxf5 21.exf5 b4 22.g5 hxg5
23.hxg5 Nd7 24.Ng3 Rh3 25.Rg1 Rc6 26.f4 exf4 27.Bxf4 Ne5 28.Bxe5 dxe5 29.f6 Bd6
30.fxg7 f5 31.Qg2 Rxg3 32.Qxg3 f4 33.Qh3 Rc8 34.Qh8+ Kf7 35.g8=Q+ Rxg8 36.g6+
Ke8

[Event "2. Bundesliga Mitte 2009/2010"]
[Site "Villach"]
[Date "2009.11.21"]
[Round "3"]
[Board "3"]
[White "Schnider, Gert"]
[Black "Sandhoefner, Florian"]
[Result "1/2-1/2"]
[WhiteElo "2322"]
[BlackElo "2160"]
[PlyCount "59"]
[EventDate "2009.10.10"]
[EventType "team"]
[EventRounds "11"]
[EventCountry "AUT"]
[WhiteTeam "Frauental"]
[BlackTeam "ASK St. Valentin"]

1.d4 d5 2.c4 c6 3.Nf3 Nf6 4.e3 Bf5 5.Nc3 e6 6.Nh4 Be4 7.f3 Bg6 8.Qb3 Qc7 9.Bd2
Bd6 10.Nxg6 hxg6 11.f4 Nbd7 12.Be2 g5 13.g3 gxf4 14.exf4 dxc4 15.Qxc4 Nb6 16.Qd3
O-O-O 17.O-O-O Kb8 18.Kb1 Nbd5 19.Bf3 Rd7 20.Nxd5 Nxd5 21.f5 exf5 22.Qxf5 g6
23.Qc2 Qb6 24.Qa4 Bc7 25.Ka1 Rhd8 26.Qc4 Bd6 27.Qa4 Bc7 28.Qc4 Bd6 29.Qa4 Bc7
30.Qc4

[Event "2. Bundesliga Mitte 2009/2010"]
[Site "Villach"]
[Date "2009.11.21"]
[Round "3"]
[Board "4"]
[White "Kranzl, Peter"]
[Black "Schreiner, Peter"]
[Result "1/2-1/2"]
[WhiteElo "2285"]
[BlackElo "2254"]
[PlyCount "49"]
[EventDate "2009.10.10"]
[EventType "team"]
[EventRounds "11"]
[EventCountry "AUT"]
[WhiteTeam "ASK St. Valentin"]
[BlackTeam "Frauental"]

1.e4 e5 2.Nf3 Nc6 3.d4 exd4 4.Nxd4 Nf6 5.Nc3 Bb4 6.Nxc6 bxc6 7.Bd3 d5 8.exd5
cxd5 9.O-O O-O 10.Bg5 c6 11.Qf3 Be7 12.Rfe1 Re8 13.Qg3 Nh5 14.Bxe7 Rxe7 15.Qh4
Nf6 16.Bxh7+ Kf8 17.Bd3 Kg8 18.Rxe7 Qxe7 19.Bh7+ Kf8 20.Bd3 Kg8 21.h3 Rb8
22.Bh7+ Kf8 23.Bd3 Kg8 24.Bh7+ Kf8 25.Bd3

[Event "2. Bundesliga Mitte 2009/2010"]
[Site "Villach"]
[Date "2009.11.21"]
[Round "3"]
[Board "5"]
[White "Raffalt, Manfred"]
[Black "Heimberger, Reinhard"]
[Result "0-1"]
[WhiteElo "2136"]
[BlackElo "2257"]
[PlyCount "69"]
[EventDate "2009.10.10"]
[EventType "team"]
[EventRounds "11"]
[EventCountry "AUT"]
[WhiteTeam "Frauental"]
[BlackTeam "ASK St. Valentin"]

1.d4 d5 2.c4 e6 3.Nc3 Nf6 4.Bg5 c6 5.e3 Nbd7 6.Nf3 Be7 7.Rc1 O-O 8.Bd3 a6 9.O-O
dxc4 10.Bxc4 b5 11.Bd3 c5 12.a4 c4 13.Bb1 Nd5 14.h4 Bb7 15.e4 Nxc3 16.Rxc3 f6
17.Bc1 Nb6 18.a5 Nd7 19.e5 f5 20.Bg5 h6 21.Bxe7 Qxe7 22.Qd2 Bd5 23.h5 Qf7 24.Nh4
Qxh5 25.Rh3 Qg5 26.f4 Qd8 27.Qb4 Rf7 28.Ba2 Nf8 29.b3 cxb3 30.Bxb3 Bxb3 31.Qxb3
Qxd4+ 32.Kh1 Qc4 33.Qf3 Rc8 34.Rd1 Qe4 35.Qg3

[Event "2. Bundesliga Mitte 2009/2010"]
[Site "Villach"]
[Date "2009.11.21"]
[Round "3"]
[Board "6"]
[White "Dornauer, Joachim"]
[Black "Fauland, Peter"]
[Result "1/2-1/2"]
[WhiteElo "2135"]
[BlackElo "2248"]
[PlyCount "71"]
[EventDate "2009.10.10"]
[EventType "team"]
[EventRounds "11"]
[EventCountry "AUT"]
[WhiteTeam "ASK St. Valentin"]
[BlackTeam "Frauental"]

1.d4 d5 2.c4 c6 3.Nf3 Nf6 4.Nc3 dxc4 5.a4 Bf5 6.e3 e6 7.Bxc4 Bb4 8.O-O O-O 9.Nh4
Bg4 10.f3 Nd5 11.fxg4 Qxh4 12.Ne4 Nd7 13.g3 Qe7 14.g5 f5 15.gxf6 N7xf6 16.Nxf6+
Rxf6 17.Rxf6 Qxf6 18.e4 Nb6 19.Bb3 Rd8 20.Be3 c5 21.Qg4 c4 22.Rf1 Qg6 23.Qxg6
hxg6 24.Bc2 Rf8 25.Rxf8+ Kxf8 26.Kf2 Kf7 27.Bf4 Nd7 28.g4 a6 29.Bg3 b5 30.axb5
axb5 31.Ke3 Ba5 32.Ke2 Bb6 33.d5 exd5 34.exd5 Nf6 35.d6 Nxg4 36.Be4

[Event "2. Bundesliga Mitte 2009/2010"]
[Site "Villach"]
[Date "2009.11.22"]
[Round "4"]
[Board "1"]
[White "Taggatz, Mario"]
[Black "Galyas, Miklos"]
[Result "0-1"]
[WhiteElo "2330"]
[BlackElo "2485"]
[PlyCount "92"]
[EventDate "2009.10.10"]
[EventType "team"]
[EventRounds "11"]
[EventCountry "AUT"]
[WhiteTeam "Spg. Sauwald"]
[BlackTeam "ASK St. Valentin"]

1.c4 c5 2.g3 g6 3.Bg2 Bg7 4.Nc3 Nc6 5.Nf3 e5 6.d3 Nge7 7.Nd2 O-O 8.Nf1 d6 9.Ne3
a6 10.O-O Rb8 11.a4 Nb4 12.Ned5 Nbxd5 13.Nxd5 Nxd5 14.Bxd5 Bd7 15.Bd2 Bc6 16.a5
Qd7 17.Qc2 Bxd5 18.cxd5 f5 19.Ra4 f4 20.Kg2 Qf7 21.Qc4 f3+ 22.exf3 Qxf3+ 23.Kg1
Qe2 24.Bc1 Rf3 25.Qg4 Rbf8 26.Re4 Qxd3 27.Qe6+ R8f7 28.Re3 Rxe3 29.Bxe3 Bf8
30.h4 Qf5 31.Qe8 Qd7 32.Qxd7 Rxd7 33.Ra1 Kf7 34.Kg2 Bg7 35.Ra3 e4 36.Rb3 Bf6
37.g4 Be5 38.g5 Ke8 39.Kf1 Kd8 40.Ke2 Kc7 41.Bc1 Rf7 42.Rh3 Bd4 43.Rh2 Rf5 44.h5
Rxd5 45.hxg6 hxg6 46.Rh6 Rf5

[Event "2. Bundesliga Mitte 2009/2010"]
[Site "Villach"]
[Date "2009.11.22"]
[Round "4"]
[Board "2"]
[White "Hajnal, Zoltan"]
[Black "Schmidt, Peter"]
[Result "1-0"]
[WhiteElo "2404"]
[BlackElo "2394"]
[PlyCount "85"]
[EventDate "2009.10.10"]
[EventType "team"]
[EventRounds "11"]
[EventCountry "AUT"]
[WhiteTeam "ASK St. Valentin"]
[BlackTeam "Spg. Sauwald"]

1.e4 d6 2.d4 Nf6 3.Nc3 g6 4.Be3 Bg7 5.f3 O-O 6.Qd2 e5 7.O-O-O exd4 8.Bxd4 Nc6
9.Be3 Be6 10.Kb1 Re8 11.g4 d5 12.Qc1 Qe7 13.Nge2 dxe4 14.g5 Nd7 15.Nxe4 Nce5
16.Bg2 Qb4 17.a3 Qa5 18.N2c3 c5 19.Nd5 Nc4 20.Ndf6+ Kh8 21.Bf1 Ndb6 22.Bxc5 Rec8
23.Bb4 Qf5 24.h4 h5 25.Be2 Rc6 26.Rd4 a5 27.Bc3 Na4 28.Rhd1 Nxc3+ 29.Nxc3 Rcc8
30.Nce4 Qe5 31.Bxc4 Bxc4 32.Nd6 Bxf6 33.gxf6 Kh7 34.Nxc4 Qxf6 35.Rd6 Qe7 36.Nb6
Rd8 37.Qf4 Rxd6 38.Rxd6 Ra6 39.Nc8 Qe8 40.Rxa6 bxa6 41.Nd6 Qe1+ 42.Ka2 Qe6+
43.b3

[Event "2. Bundesliga Mitte 2009/2010"]
[Site "Villach"]
[Date "2009.11.22"]
[Round "4"]
[Board "3"]
[White "Testor, Sebastian"]
[Black "Sandhoefner, Florian"]
[Result "1-0"]
[WhiteElo "2319"]
[BlackElo "2160"]
[PlyCount "49"]
[EventDate "2009.10.10"]
[EventType "team"]
[EventRounds "11"]
[EventCountry "AUT"]
[WhiteTeam "Spg. Sauwald"]
[BlackTeam "ASK St. Valentin"]

1.d4 d5 2.c4 c6 3.Nf3 Nf6 4.e3 e6 5.Bd3 dxc4 6.Bxc4 b5 7.Bd3 a6 8.a4 b4 9.Nbd2
c5 10.Nc4 Bb7 11.O-O Nbd7 12.Qe2 Qc7 13.Bd2 Be7 14.Rfc1 a5 15.e4 O-O 16.Bg5 h6
17.Bh4 Ba6 18.e5 Nd5 19.Qe4 g6 20.Bxe7 Nxe7 21.Qh4 Rfe8 22.Qxh6 Rad8 23.Ng5 Nf8
24.Nd6 Bxd3 25.Ndxf7

[Event "2. Bundesliga Mitte 2009/2010"]
[Site "Villach"]
[Date "2009.11.22"]
[Round "4"]
[Board "4"]
[White "Kranzl, Peter"]
[Black "Niederwieser, Peter"]
[Result "0-1"]
[WhiteElo "2285"]
[BlackElo "2173"]
[PlyCount "70"]
[EventDate "2009.10.10"]
[EventType "team"]
[EventRounds "11"]
[EventCountry "AUT"]
[WhiteTeam "ASK St. Valentin"]
[BlackTeam "Spg. Sauwald"]

1.Nf3 d5 2.g3 Nf6 3.Bg2 c6 4.O-O Bg4 5.d3 Nbd7 6.Nbd2 e5 7.e4 dxe4 8.dxe4 Bc5
9.c3 O-O 10.Qc2 Re8 11.h3 Bh5 12.Re1 Qc7 13.Nf1 Rad8 14.Nh4 Bb6 15.Bg5 h6
16.Bxf6 Nxf6 17.g4 Bg6 18.Ng3 Nd7 19.Bf1 Nf8 20.Bc4 Kh7 21.a4 Ne6 22.Bxe6 fxe6
23.Nxg6 Kxg6 24.Kg2 Rf8 25.Re2 Rd7 26.Rd1 Rdf7 27.Rdd2 Qe7 28.b4 a6 29.a5 Ba7
30.Qd3 Kh7 31.Nf1 Qh4 32.Qg3 Qf6 33.Ne3 Qg5 34.Nf1 Qf6 35.Ne3 Qg5

[Event "2. Bundesliga Mitte 2009/2010"]
[Site "Villach"]
[Date "2009.11.22"]
[Round "4"]
[Board "5"]
[White "Linhart, Wolfgang"]
[Black "Heimberger, Reinhard"]
[Result "0-1"]
[WhiteElo "2221"]
[BlackElo "2257"]
[PlyCount "156"]
[EventDate "2009.10.10"]
[EventType "team"]
[EventRounds "11"]
[EventCountry "AUT"]
[WhiteTeam "Spg. Sauwald"]
[BlackTeam "ASK St. Valentin"]

1.d4 d5 2.Nf3 Nf6 3.c3 g6 4.Bf4 Bg7 5.e3 O-O 6.Be2 b6 7.O-O Bb7 8.Nbd2 Nbd7
9.Ne5 Ne4 10.Nxe4 Nxe5 11.Nd2 Nd7 12.Bg5 Qe8 13.f4 f6 14.Bh4 e5 15.fxe5 fxe5
16.Rxf8+ Nxf8 17.Nf1 c5 18.dxc5 bxc5 19.Qb3 Bc6 20.Bf3 e4 21.Bg4 Nd7 22.Rd1 Nb6
23.Qc2 Ba4 24.b3 Bb5 25.Rc1 Bd3 26.Qd2 Qf7 27.Qf2 h5 28.Bh3 a5 29.Qxf7+ Kxf7
30.Bg5 a4 31.b4 cxb4 32.cxb4 Nc4 33.b5 Bb2 34.Rd1 Rb8 35.Bd7 Ne5 36.Bc6 Nxc6
37.bxc6 Rc8 38.Rd2 a3 39.Rf2+ Ke6 40.h4 Rxc6 41.Nd2 Rc1+ 42.Kh2 Rc2 43.Kg3 Bc3
44.Nb3 Rxf2 45.Kxf2 Bc4 46.Nd4+ Kd7 47.Nc2 Bb2 48.Bh6 Bf6 49.Bg5 Bxg5 50.hxg5
Ke6 51.Nxa3 Bxa2 52.Kg3 Kf5 53.Nb5 Kxg5 54.Nd4 Bc4 55.Ne6+ Kf6 56.Nd4 g5 57.Nc6
Be2 58.Nd4 Bd1 59.Nc6 Bg4 60.Nd4 Bd7 61.Nc2 h4+ 62.Kf2 g4 63.Nd4 Ke5 64.Ne2 Kd6
65.Nf4 Kc5 66.Ng6 h3 67.gxh3 gxh3 68.Nf4 d4 69.exd4+ Kxd4 70.Ne2+ Kd3 71.Nf4+
Kd2 72.Nd5 Be6 73.Ne3 Kd3 74.Nf1 Bc8 75.Nh2 e3+ 76.Ke1 Ke4 77.Nf1 Kf4 78.Nh2 Ba6

[Event "2. Bundesliga Mitte 2009/2010"]
[Site "Villach"]
[Date "2009.11.22"]
[Round "4"]
[Board "6"]
[White "Dornauer, Joachim"]
[Black "Maier, Josef"]
[Result "1/2-1/2"]
[WhiteElo "2135"]
[BlackElo "1844"]
[PlyCount "59"]
[EventDate "2009.10.10"]
[EventType "team"]
[EventRounds "11"]
[EventCountry "AUT"]
[WhiteTeam "ASK St. Valentin"]
[BlackTeam "Spg. Sauwald"]

1.d4 Nf6 2.c4 g6 3.Nc3 Bg7 4.e4 d6 5.f3 O-O 6.Be3 c5 7.d5 a6 8.Bd3 e6 9.a4 exd5
10.cxd5 Nbd7 11.Nge2 Ne5 12.O-O Bd7 13.Rb1 Qa5 14.Ra1 Qc7 15.a5 b5 16.axb6 Qxb6
17.Qd2 Bb5 18.Nxb5 axb5 19.Nc3 Nxd3 20.Qxd3 b4 21.Ne2 Nd7 22.Qc2 Qb5 23.f4 Nb6
24.Rfc1 Na4 25.Rab1 b3 26.Qd2 Rfe8 27.Ng3 Rac8 28.Kh1 Nb6 29.Bf2 h5 30.e5